01164nam a2200277 a 450000100100000000500170001000800410002702000180006804000250008608200220011110000490013324500650018226000690024730000420031650400560035850400320041460000530044665000480049965000240054765000610057165000650063291000370069704900090073495201260074399900170086900001625220200929164334.0100302s2008 ve ac 001 0bspa d a9789806553712 aDO-SdBNPbspacBNPHU a987.063092bB562v1 aBetancourt Valverde, Virginia,d1935-93630810aVida en familia (1890-1958) /cVirginia Betancourt Valverde. aCaracas, Venezuela :bFundación para la Cultura Urbana,c2008. axiii, 247 p. :bil., retrs. ;c24 cm. aIncluye bibliografía y notas al pie de páginas. aBibliografía: p. 241-246.14aBETANCOURT, RÓMULO,d1908-1981xFAMILIA936309 4aPresidenteszVenezuelaxBiografías936310 4aPadres e hijos9796 4aHijos de jefes de estadozVenezuelaxBiografías936311 4aBetancourt (familia)xCorrespondencia, memorias, etc.936312 aValidado. Control de calidad EMS aBNPD 001054708MOaGRbGRcHDd2010-03-02iLF1l0o987.063092 B562vp16252-10r2020-06-25w2020-06-25y4ZPréstamo en sala c15789d15789